Zákony 2004 : [aktualizácia k zákonom III/2004] : úplné znenie. [Zošit 1], Zákon o službách zamestnanosti. Vyhláška, ktorou sa vykonáva § 69 ods. 1 zákona č. 5/2004 Z.z. o službách zamestnanosti. Vyhláška, ktorou sa vykonáva § 69 ods. 2 zákona č. 5/2004 Z.z. o službách zamestanosti. Zákonník práce. Zákon o sociálnom poistení. Zákon o starobnom dôchodkovom sporení. Zákon o pomoci v hnotnej núdzi. Zákon o sociálnej pomoci. Zákon o orgánoch štátnej správy v oblasti sociálnych vecí, rodiny a služieb zamestnanosti /
Uložené v:
| Korporatívny autor: | |
|---|---|
| Médium: | Kniha |
| Jazyk: | Slovak |
| Vydané: |
Žilina :
Poradca,
2004.
|
| Vydanie: | [1. vyd.] |
| Témy: | |
| Fyzický popis: |
351 s. : tab. ; 21 cm. |
| Tagy: |
Pridať tag
Žiadne tagy, Buďte prvý kto otaguje tento záznam!
|
Titul je dostupný aj v ... 

MARC
| LEADER | 00000nam a2200000 a 4500 | ||
|---|---|---|---|
| 001 | 000000993 | ||
| 005 | 20260323130616.0 | ||
| 008 | 040330s2004 xo a e l 000 0 sloo | ||
| FMT | |||
| 022 | |a 1335-6127 | ||
| 040 | |a SVKKK |b slo |c SVKKK |e AACR2 | ||
| 041 | 0 | |a slo | |
| 044 | |a xo |c SK | ||
| 072 | 7 | |a 349 |x Pracovné, sociálne, stavebné právo. Právo životného prostredia |2 konspekt | |
| 080 | |a 349.2 |2 1997 | ||
| 080 | |a 368 |2 1997 | ||
| 080 | |a (094.5) |2 1997 | ||
| 080 | |a (094.4) |2 1997 | ||
| 110 | 1 | |a Slovensko |4 aut | |
| 245 | 1 | 0 | |a Zákony 2004 : |b [aktualizácia k zákonom III/2004] : úplné znenie. |n [Zošit 1], |p Zákon o službách zamestnanosti. |p Vyhláška, ktorou sa vykonáva § 69 ods. 1 zákona č. 5/2004 Z.z. o službách zamestnanosti. |p Vyhláška, ktorou sa vykonáva § 69 ods. 2 zákona č. 5/2004 Z.z. o službách zamestanosti. |p Zákonník práce. |p Zákon o sociálnom poistení. |p Zákon o starobnom dôchodkovom sporení. |p Zákon o pomoci v hnotnej núdzi. |p Zákon o sociálnej pomoci. |p Zákon o orgánoch štátnej správy v oblasti sociálnych vecí, rodiny a služieb zamestnanosti / |c [zodpovedná redaktorka: Soňa Handzová]. |
| 246 | 3 | 0 | |a Zákon o službách zamestnanosti |
| 246 | 3 | 0 | |a Vyhláška, ktorou sa vykonáva § 69 ods. 1 zákona č. 5/2004 Z.z. o službách zamestnanosti |
| 246 | 3 | 0 | |a Vyhláška, ktorou sa vykonáva § 69 ods. 2 zákona č. 5/2004 Z.z. o službách zamestanosti |
| 246 | 3 | 0 | |a Zákonník práce |
| 246 | 3 | 0 | |a Zákon o sociálnom poistení |
| 246 | 3 | 0 | |a Zákon o starobnom dôchodkovom sporení |
| 246 | 3 | 0 | |a Zákon o pomoci v hnotnej núdzi |
| 246 | 3 | 0 | |a Zákon o sociálnej pomoci |
| 246 | 3 | 0 | |a Zákon o orgánoch štátnej správy v oblasti sociálnych vecí, rodiny a služieb zamestnanosti |
| 250 | |a [1. vyd.] | ||
| 260 | |a Žilina : |b Poradca, |c 2004. | ||
| 300 | |a 351 s. : |b tab. ; |c 21 cm. | ||
| 500 | |a Obalový názov | ||
| 500 | |a Údaj o red. prevzatý z tiráže | ||
| 504 | |a Obsahuje zoznamy | ||
| 650 | 0 | 7 | |a pracovné právo |2 SVKKKPH |
| 650 | 0 | 7 | |a sociálne právo |2 SVKKKPH |
| 655 | 7 | |a zákony |2 SVKKKPH | |
| 655 | 7 | |a zákonníky |2 SVKKKPH | |
| 700 | 1 | |a Handzová, Soňa |4 lso | |
| 910 | |a svkkk | ||
| 998 | |a BK | ||
| OWN | |||
| Z30 | 1 | |l SCK01 |l SCK01 |m BOOK |1 SCKHL |2 SK10 |b Sklad Pribinova 2. posch. |3 III.196503 |6 960454 |q 20040330 |5 2720022280 |8 20040330 |f 70 |s Absenčne |g 000001089 |h SCKHL |z 300.00 |t 20250206 |u 1417 |w 000000993 |x 000010 | |
| a02 | 2 | |a 1335-6127 | |
| 090 | |g SCKHL |k Sklad Pribinova 2. posch. |a III.196503 |j 960454 |i 2720022280 |s Absenčne | ||